[Event "OPEN DE MENTON 2023"]
[Site "Palais de l'europe Menton, France"]
[Date "2023.10.24"]
[Round "5.3"]
[White "Yannis, AUBRY 2254"]
[Black "Louis, AURIBAULT 2089"]
[Result "0-1"]
[TimeControl "90'+30\"/ 40m + 30' +30\""]
[WhiteElo "2254"]
[BlackElo "2089"]

1. e4 {[%clk 01:26:52]} {[%emt 00:09:03]} e5 {[%clk 01:30:47]} 2. Nf3 {[%clk
01:27:12]} Nc6 {[%clk 01:30:47]} 3. Be2 {[%clk 01:27:32]} Nf6 {[%clk 01:28:23]}
4. d3 {[%clk 01:27:06]} Bc5 {[%clk 01:27:06]} {[%emt 00:01:44]} 5. O-O {[%clk
01:26:35]} {[%emt 00:01:01]} d6 {[%clk 01:25:22]} {[%emt 00:02:14]} 6. c3
{[%clk 01:26:33]} {[%emt 00:00:33]} h6 {[%clk 01:24:48]} {[%emt 00:01:03]} 7.
h3 {[%clk 01:15:34]} {[%emt 00:11:30]} O-O {[%clk 01:23:04]} {[%emt 00:02:14]}
8. Re1 {[%clk 01:15:59]} {[%emt 00:00:05]} a5 {[%clk 01:17:29]} {[%emt
00:06:06]} 9. a4 {[%clk 01:14:15]} {[%emt 00:02:14]} Re8 {[%clk 01:17:21]}
{[%emt 00:00:37]} 10. Na3 {[%clk 01:11:45]} {[%emt 00:03:00]} d5 {[%clk
01:14:07]} {[%emt 00:03:44]} 11. exd5 {[%clk 01:11:58]} {[%emt 00:00:18]} Nxd5
{[%clk 01:14:22]} {[%emt 00:00:15]} 12. Bf1 {[%clk 01:10:00]} {[%emt 00:02:28]}
Bf5 {[%clk 01:09:59]} {[%emt 00:04:52]} 13. Nb5 {[%clk 00:50:12]} {[%emt
00:20:19]} Bb6 {[%clk 01:03:28]} {[%emt 00:07:01]} 14. Nd2 {[%clk 00:44:37]}
{[%emt 00:06:05]} Re6 {[%clk 00:42:01]} {[%emt 00:21:56]} 15. Ne4 {[%clk
00:40:32]} {[%emt 00:04:35]} Rg6 {[%clk 00:41:32]} {[%emt 00:00:59]} 16. Qh5
{[%clk 00:38:51]} {[%emt 00:02:11]} Qd7 {[%clk 00:39:26]} {[%emt 00:02:36]} 17.
g4 {[%clk 00:25:57]} {[%emt 00:13:24]} Bxe4 {[%clk 00:35:39]} {[%emt 00:04:18]}
18. dxe4 {[%clk 00:25:59]} {[%emt 00:00:28]} Rf6 {[%clk 00:24:54]} {[%emt
00:11:15]} 19. Rd1 {[%clk 00:24:54]} {[%emt 00:01:35]} Rxf2 {[%clk 00:22:48]}
{[%emt 00:02:37]} 20. Rxd5 {[%clk 00:22:50]} {[%emt 00:02:34]} Qe7 {[%clk
00:18:34]} {[%emt 00:04:44]} 21. g5 {[%clk 00:21:12]} {[%emt 00:02:08]} Rf6+
{[%clk 00:17:26]} {[%emt 00:01:38]} 22. Kg2 {[%clk 00:21:07]} {[%emt 00:00:35]}
Rf2+ {[%clk 00:17:52]} {[%emt 00:00:04]} 23. Kg1 {[%clk 00:21:26]} {[%emt
00:00:12]} hxg5 {[%clk 00:13:11]} {[%emt 00:05:12]} 24. Bg2 {[%clk 00:18:29]}
{[%emt 00:03:26]} g6 {[%clk 00:13:04]} {[%emt 00:00:37]} 25. Qh6 {[%clk
00:18:07]} {[%emt 00:00:52]} Qf6 {[%clk 00:13:19]} {[%emt 00:00:15]} 26. Nd4
{[%clk 00:16:33]} {[%emt 00:02:04]} Re2 {[%clk 00:13:31]} {[%emt 00:00:18]} 27.
Kh1 {[%clk 00:11:17]} {[%emt 00:05:46]} exd4 {[%clk 00:11:12]} {[%emt
00:02:49]} 28. Rxg5 {[%clk 00:03:41]} {[%emt 00:08:06]} Re1+ {[%clk 00:10:33]}
{[%emt 00:01:10]} 29. Kh2 {[%clk 00:04:03]} {[%emt 00:00:08]} dxc3 {[%clk
00:10:19]} {[%emt 00:00:44]} 30. Rf5 {[%clk 00:01:05]} {[%emt 00:03:28]} Qe6
{[%clk 00:05:15]} {[%emt 00:05:34]} 31. Bg5 {[%clk 00:01:08]} {[%emt 00:00:27]}
Qd6+ {[%clk 00:03:19]} {[%emt 00:02:26]} 32. Rf4 {[%clk 00:01:07]} {[%emt
00:00:31]} Bg1+ {[%clk 00:02:00]} {[%emt 00:01:50]} 33. Kg3 {[%clk 00:01:35]}
{[%emt 00:00:02]} Qd3+ {[%clk 00:00:55]} {[%emt 00:01:34]} 34. Bf3 {[%clk
00:01:49]} {[%emt 00:00:16]} Qd2 {[%clk 00:01:04]} {[%emt 00:00:22]} 35. Rxe1
{[%clk 00:01:22]} {[%emt 00:00:57]} Bh2+ {[%clk 00:01:22]} {[%emt 00:00:12]} 36.
Kg4 {[%clk 00:01:46]} {[%emt 00:00:06]} Ne5+ {[%clk 00:01:52]} 0-1

[Event "OPEN DE MENTON 2023"]
[Site "Palais de l'europe Menton, France"]
[Date "2023.10.26"]
[Round "6.1"]
[White "Thibault, DUDOGNON 2386"]
[Black "Shir, SHATIL 2152"]
[Result "1-0"]
[TimeControl "90'+30\"/ 40m + 30' +30\""]
[WhiteTitle "FM"]
[WhiteElo "2386"]
[BlackElo "2152"]

1. e4 {[%clk 01:30:57]} {[%emt 00:00:01]} e6 {[%clk 01:30:57]} {[%emt
00:00:04]} 2. d4 {[%clk 01:31:23]} {[%emt 00:00:04]} d5 {[%clk 01:31:24]}
{[%emt 00:00:03]} 3. Nd2 {[%clk 01:31:47]} {[%emt 00:00:05]} c5 {[%clk
01:31:51]} {[%emt 00:00:04]} 4. exd5 {[%clk 01:32:12]} {[%emt 00:00:05]} Qxd5
{[%clk 01:32:18]} {[%emt 00:00:03]} 5. Ngf3 {[%clk 01:32:34]} {[%emt 00:00:07]}
cxd4 {[%clk 01:32:45]} {[%emt 00:00:04]} 6. Bc4 {[%clk 01:32:57]} {[%emt
00:00:06]} Qd7 {[%clk 01:33:15]} {[%emt 00:00:02]} 7. O-O {[%clk 01:30:51]}
{[%emt 00:02:35]} Nc6 {[%clk 01:33:22]} {[%emt 00:00:24]} 8. Nb3 {[%clk
01:29:54]} {[%emt 00:01:26]} a6 {[%clk 01:33:46]} {[%emt 00:00:07]} 9. Re1
{[%clk 01:27:39]} {[%emt 00:02:44]} b5 {[%clk 01:23:42]} {[%emt 00:10:34]} 10.
Be2 {[%clk 01:24:25]} {[%emt 00:03:43]} Bb4 {[%clk 01:13:45]} {[%emt 00:10:28]}
11. Bd2 {[%clk 01:23:13]} {[%emt 00:01:41]} Be7 {[%clk 01:14:10]} {[%emt
00:00:05]} 12. a4 {[%clk 01:22:28]} {[%emt 00:01:15]} b4 {[%clk 01:11:41]}
{[%emt 00:02:59]} 13. Bf4 {[%clk 01:19:00]} {[%emt 00:03:57]} Bb7 {[%clk
00:58:22]} {[%emt 00:13:50]} 14. Ne5 {[%clk 01:14:58]} {[%emt 00:04:32]} Nxe5
{[%clk 00:56:13]} {[%emt 00:02:39]} 15. Bxe5 {[%clk 01:14:32]} {[%emt
00:00:57]} Nf6 {[%clk 00:53:15]} {[%emt 00:03:28]} 16. Qxd4 {[%clk 01:11:59]}
{[%emt 00:03:02]} Qd5 {[%clk 00:43:24]} {[%emt 00:10:44]} 17. Qxd5 {[%clk
01:11:07]} {[%emt 00:01:22]} Bxd5 {[%clk 00:43:19]} {[%emt 00:00:35]} 18. a5
{[%clk 01:08:00]} {[%emt 00:03:37]} O-O {[%clk 00:42:12]} {[%emt 00:01:36]} 19.
Nd2 {[%clk 01:01:12]} {[%emt 00:07:17]} Nd7 {[%clk 00:32:20]} {[%emt 00:10:24]}
20. Bd4 {[%clk 01:00:43]} {[%emt 00:00:58]} Bf6 {[%clk 00:32:37]} {[%emt
00:00:13]} 21. Bxf6 {[%clk 01:00:50]} {[%emt 00:00:23]} Nxf6 {[%clk 00:32:46]}
{[%emt 00:00:21]} 22. Ra4 {[%clk 00:59:25]} {[%emt 00:01:54]} Rfb8 {[%clk
00:30:33]} {[%emt 00:02:44]} 23. Nc4 {[%clk 00:55:26]} {[%emt 00:04:29]} Nd7
{[%clk 00:26:07]} {[%emt 00:04:56]} 24. b3 {[%clk 00:54:55]} {[%emt 00:01:00]}
g5 {[%clk 00:22:57]} {[%emt 00:03:41]} 25. Rd1 {[%clk 00:52:55]} {[%emt
00:02:30]} Kf8 {[%clk 00:22:06]} {[%emt 00:01:22]} 26. Rd4 {[%clk 00:41:52]}
{[%emt 00:11:32]} Bc6 {[%clk 00:18:52]} {[%emt 00:03:44]} 27. Ra1 {[%clk
00:41:45]} {[%emt 00:00:36]} Ke7 {[%clk 00:17:10]} {[%emt 00:02:14]} 28. Rad1
{[%clk 00:39:37]} {[%emt 00:02:38]} Ra7 {[%clk 00:17:13]} {[%emt 00:00:27]} 29.
h4 {[%clk 00:38:24]} {[%emt 00:01:42]} h6 {[%clk 00:15:09]} {[%emt 00:02:34]}
30. f3 {[%clk 00:36:19]} {[%emt 00:02:34]} Ba8 {[%clk 00:11:33]} {[%emt
00:04:08]} 31. Kf2 {[%clk 00:35:49]} {[%emt 00:00:59]} Bc6 {[%clk 00:10:58]}
{[%emt 00:01:06]} 32. hxg5 {[%clk 00:32:43]} {[%emt 00:03:35]} hxg5 {[%clk
00:11:24]} {[%emt 00:00:05]} 33. Rg4 {[%clk 00:33:03]} {[%emt 00:00:09]} f6
{[%clk 00:06:43]} {[%emt 00:05:12]} 34. Rh1 {[%clk 00:33:07]} {[%emt 00:00:24]}
Bb5 {[%clk 00:04:57]} {[%emt 00:02:17]} 35. Rh7+ {[%clk 00:32:55]} {[%emt
00:00:41]} Kd8 {[%clk 00:04:03]} {[%emt 00:01:25]} 36. Rd4 {[%clk 00:32:54]}
{[%emt 00:00:31]} Bc6 {[%clk 00:01:13]} {[%emt 00:03:21]} 37. Rd6 {[%clk
00:32:11]} {[%emt 00:01:11]} Kc7 {[%clk 00:00:58]} {[%emt 00:00:45]} 38. Rxe6
{[%clk 00:32:22]} {[%emt 00:00:19]} Rf8 {[%clk 00:00:53]} {[%emt 00:00:37]} 39.
Nb6 {[%clk 00:32:12]} {[%emt 00:00:39]} f5 {[%clk 00:00:42]} {[%emt 00:00:42]}
40. Rg6 {[%clk 01:01:49]} {[%emt 00:00:52]} g4 {[%clk 00:30:56]} {[%emt
00:00:18]} 41. Nxd7 {[%clk 01:01:59]} {[%emt 00:00:19]} Bxd7 {[%clk 00:31:21]}
{[%emt 00:00:05]} 42. Rxd7+ {[%clk 01:02:23]} {[%emt 00:00:05]} 1-0

[Event "OPEN DE MENTON 2023"]
[Site "Palais de l'europe Menton, France"]
[Date "2023.10.26"]
[Round "6.2"]
[White "Matteo, RATIER-FONTANA 1931"]
[Black "Clement, KUHN 2338"]
[Result "1/2-1/2"]
[TimeControl "90'+30\"/ 40m + 30' +30\""]
[BlackTitle "FM"]
[WhiteElo "1931"]
[BlackElo "2338"]

1. d4 {[%clk 01:23:22]} {[%emt 00:07:37]} Nf6 {[%clk 01:30:40]} {[%emt
00:00:18]} 2. Bf4 {[%clk 01:23:48]} {[%emt 00:00:05]} g6 {[%clk 01:30:39]}
{[%emt 00:00:31]} 3. Nf3 {[%clk 01:24:12]} {[%emt 00:00:07]} Bg7 {[%clk
01:31:01]} {[%emt 00:00:06]} 4. e3 {[%clk 01:24:39]} {[%emt 00:00:04]} d6
{[%clk 01:31:26]} {[%emt 00:00:04]} 5. h3 {[%clk 01:25:01]} {[%emt 00:00:09]}
O-O {[%clk 01:31:45]} {[%emt 00:00:07]} 6. Be2 {[%clk 01:25:30]} {[%emt
00:00:06]} Nbd7 {[%clk 01:31:45]} {[%emt 00:00:29]} 7. O-O {[%clk 01:25:42]}
{[%emt 00:00:18]} b6 {[%clk 01:31:38]} {[%emt 00:00:37]} 8. c4 {[%clk
01:25:51]} {[%emt 00:00:21]} Bb7 {[%clk 01:32:03]} {[%emt 00:00:06]} 9. Nc3
{[%clk 01:26:16]} {[%emt 00:00:05]} Ne4 {[%clk 01:31:25]} {[%emt 00:01:07]} 10.
Nxe4 {[%clk 01:26:18]} {[%emt 00:00:30]} Bxe4 {[%clk 01:31:46]} {[%emt
00:00:09]} 11. Nd2 {[%clk 01:26:44]} {[%emt 00:00:04]} Bb7 {[%clk 01:32:05]}
{[%emt 00:00:10]} 12. Bf3 {[%clk 01:27:10]} {[%emt 00:00:05]} Qc8 {[%clk
01:32:00]} {[%emt 00:00:34]} 13. Bxb7 {[%clk 01:27:36]} {[%emt 00:00:05]} Qxb7
{[%clk 01:32:27]} {[%emt 00:00:03]} 14. Qf3 {[%clk 01:28:01]} {[%emt 00:00:06]}
Rab8 {[%clk 01:27:27]} {[%emt 00:05:30]} 15. Qxb7 {[%clk 01:21:06]} {[%emt
00:07:26]} Rxb7 {[%clk 01:27:54]} {[%emt 00:00:02]} 16. Bh2 {[%clk 01:20:24]}
{[%emt 00:01:11]} c5 {[%clk 01:26:59]} {[%emt 00:01:25]} 17. Nf3 {[%clk
01:18:08]} {[%emt 00:02:46]} b5 {[%clk 01:18:10]} {[%emt 00:09:19]} 18. cxb5
{[%clk 01:16:19]} {[%emt 00:02:20]} Rxb5 {[%clk 01:18:38]} {[%emt 00:00:02]} 19.
b3 {[%clk 01:14:59]} {[%emt 00:01:50]} Ra5 {[%clk 01:14:04]} {[%emt 00:05:05]}
20. Rfd1 {[%clk 01:05:43]} {[%emt 00:09:46]} Rb8 {[%clk 00:56:40]} {[%emt
00:17:54]} 21. Rac1 {[%clk 01:05:55]} {[%emt 00:00:18]} cxd4 {[%clk 00:56:02]}
{[%emt 00:01:07]} 22. exd4 {[%clk 00:57:53]} {[%emt 00:08:32]} Nf6 {[%clk
00:51:42]} {[%emt 00:04:50]} 23. Re1 {[%clk 00:52:42]} {[%emt 00:05:41]} Nd5
{[%clk 00:51:50]} {[%emt 00:00:22]} 24. Re2 {[%clk 00:52:40]} {[%emt 00:00:33]}
Bf6 {[%clk 00:51:25]} {[%emt 00:00:54]} 25. g4 {[%clk 00:51:31]} {[%emt
00:01:40]} h6 {[%clk 00:48:15]} {[%emt 00:03:39]} 26. h4 {[%clk 00:50:14]}
{[%emt 00:01:48]} g5 {[%clk 00:46:52]} {[%emt 00:01:53]} 27. hxg5 {[%clk
00:47:07]} {[%emt 00:03:37]} hxg5 {[%clk 00:47:20]} {[%emt 00:00:01]} 28. Rc4
{[%clk 00:37:15]} {[%emt 00:10:22]} Kg7 {[%clk 00:44:02]} {[%emt 00:03:48]} 29.
Ne5 {[%clk 00:34:39]} {[%emt 00:03:07]} Rb6 {[%clk 00:26:03]} {[%emt 00:18:20]}
30. Rcc2 {[%clk 00:26:01]} {[%emt 00:09:16]} Nb4 {[%clk 00:21:42]} {[%emt
00:04:51]} 31. Rcd2 {[%clk 00:25:49]} {[%emt 00:00:42]} Rba6 {[%clk 00:18:28]}
{[%emt 00:03:43]} 32. a4 {[%clk 00:24:56]} {[%emt 00:01:24]} Nc6 {[%clk
00:17:50]} {[%emt 00:01:07]} 33. Nc4 {[%clk 00:24:40]} {[%emt 00:00:46]} Rd5
{[%clk 00:09:01]} {[%emt 00:09:19]} 34. Ne3 {[%clk 00:24:54]} {[%emt 00:00:16]}
Rxd4 {[%clk 00:09:23]} {[%emt 00:00:08]} 35. Nf5+ {[%clk 00:25:17]} {[%emt
00:00:07]} Kf8 {[%clk 00:09:52]} {[%emt 00:00:01]} 36. Nxd4 {[%clk 00:25:27]}
{[%emt 00:00:21]} Nxd4 {[%clk 00:10:20]} {[%emt 00:00:01]} 37. Re3 {[%clk
00:25:31]} {[%emt 00:00:26]} Rb6 {[%clk 00:10:43]} {[%emt 00:00:08]} 38. Rd1
{[%clk 00:21:01]} {[%emt 00:05:00]} Rb4 {[%clk 00:08:53]} {[%emt 00:02:20]} 39.
Kh1 {[%clk 00:16:41]} {[%emt 00:04:49]} Ne6 {[%clk 00:08:09]} {[%emt 00:01:14]}
40. f3 {[%clk 00:43:38]} {[%emt 00:03:33]} a5 {[%clk 00:36:37]} {[%emt
00:02:03]} 41. Bg3 {[%clk 00:43:53]} {[%emt 00:00:15]} Nd4 {[%clk 00:23:08]}
{[%emt 00:13:58]} 1/2-1/2

[Event "OPEN DE MENTON 2023"]
[Site "Palais de l'europe Menton, France"]
[Date "2023.10.26"]
[Round "6.3"]
[White "Louis, AURIBAULT 2089"]
[Black "Marlies, BENSDORP-DE LABACA 2212"]
[Result "0-1"]
[TimeControl "90'+30\"/ 40m + 30' +30\""]
[BlackTitle "WIM"]
[WhiteElo "2089"]
[BlackElo "2212"]

1. e4 {[%clk 01:30:57]} {[%emt 00:00:03]} e6 {[%clk 01:30:57]} {[%emt
00:00:04]} 2. d4 {[%clk 01:31:18]} {[%emt 00:00:09]} d5 {[%clk 01:31:24]}
{[%emt 00:00:04]} 3. Nd2 {[%clk 01:31:24]} {[%emt 00:00:23]} Nf6 {[%clk
01:31:47]} {[%emt 00:00:07]} 4. e5 {[%clk 01:31:29]} {[%emt 00:00:26]} Nfd7
{[%clk 01:32:13]} {[%emt 00:00:05]} 5. Bd3 {[%clk 01:31:18]} {[%emt 00:00:40]}
b6 {[%clk 01:32:39]} {[%emt 00:00:05]} 6. Qe2 {[%clk 01:24:11]} {[%emt
00:07:37]} c5 {[%clk 01:32:29]} {[%emt 00:00:39]} 7. c3 {[%clk 01:24:33]}
{[%emt 00:00:08]} Nc6 {[%clk 01:32:25]} {[%emt 00:00:34]} 8. Ngf3 {[%clk
01:24:33]} {[%emt 00:00:30]} cxd4 {[%clk 01:31:39]} {[%emt 00:01:17]} 9. cxd4
{[%clk 01:23:19]} {[%emt 00:01:43]} Nb4 {[%clk 01:32:00]} {[%emt 00:00:09]} 10.
O-O {[%clk 01:18:09]} {[%emt 00:05:41]} Nxd3 {[%clk 01:32:11]} {[%emt
00:00:18]} 11. Qxd3 {[%clk 01:18:34]} {[%emt 00:00:05]} a5 {[%clk 01:32:15]}
{[%emt 00:00:26]} 12. Re1 {[%clk 01:17:44]} {[%emt 00:01:20]} Ba6 {[%clk
01:31:46]} {[%emt 00:01:00]} 13. Qe3 {[%clk 01:13:09]} {[%emt 00:05:05]} Be7
{[%clk 01:30:33]} {[%emt 00:01:43]} 14. Nf1 {[%clk 01:10:44]} {[%emt 00:02:55]}
Bxf1 {[%clk 01:20:02]} {[%emt 00:11:01]} 15. Rxf1 {[%clk 01:10:49]} {[%emt
00:00:26]} O-O {[%clk 01:19:42]} {[%emt 00:00:49]} 16. Qe2 {[%clk 01:07:42]}
{[%emt 00:03:36]} Rc8 {[%clk 01:18:53]} {[%emt 00:01:19]} 17. Ne1 {[%clk
01:05:14]} {[%emt 00:02:59]} Rc4 {[%clk 01:13:10]} {[%emt 00:06:13]} 18. Be3
{[%clk 01:03:33]} {[%emt 00:02:11]} Qb8 {[%clk 01:08:42]} {[%emt 00:04:57]} 19.
Nd3 {[%clk 00:59:08]} {[%emt 00:04:56]} Rfc8 {[%clk 01:08:03]} {[%emt
00:01:09]} 20. Qg4 {[%clk 00:55:48]} {[%emt 00:03:51]} b5 {[%clk 00:58:24]}
{[%emt 00:10:10]} 21. Nf4 {[%clk 00:50:57]} {[%emt 00:05:20]} Nf8 {[%clk
00:54:42]} {[%emt 00:04:11]} 22. Rae1 {[%clk 00:44:57]} {[%emt 00:06:30]} Qb6
{[%clk 00:49:45]} {[%emt 00:05:28]} 23. Nh5 {[%clk 00:42:02]} {[%emt 00:03:25]}
Ng6 {[%clk 00:45:57]} {[%emt 00:04:17]} 24. f4 {[%clk 00:40:32]} {[%emt
00:02:00]} Bf8 {[%clk 00:45:21]} {[%emt 00:01:06]} 25. h4 {[%clk 00:31:44]}
{[%emt 00:09:18]} Qd8 {[%clk 00:37:53]} {[%emt 00:07:58]} 26. f5 {[%clk
00:21:43]} {[%emt 00:10:31]} Qxh4 {[%clk 00:35:10]} {[%emt 00:03:12]} 27. Qf3
{[%clk 00:22:03]} {[%emt 00:00:10]} exf5 {[%clk 00:35:15]} {[%emt 00:00:25]} 28.
Qxf5 {[%clk 00:21:59]} {[%emt 00:00:33]} Qe7 {[%clk 00:34:33]} {[%emt
00:01:13]} 29. Bd2 {[%clk 00:12:58]} {[%emt 00:09:32]} Qe6 {[%clk 00:32:56]}
{[%emt 00:02:06]} 30. Bxa5 {[%clk 00:12:07]} {[%emt 00:01:20]} Rxd4 {[%clk
00:32:11]} {[%emt 00:01:16]} 31. Bc3 {[%clk 00:11:09]} {[%emt 00:01:28]} Rh4
{[%clk 00:31:17]} {[%emt 00:01:23]} 32. Qf3 {[%clk 00:09:51]} {[%emt 00:01:49]}
Bc5+ {[%clk 00:31:02]} {[%emt 00:00:46]} 0-1

[Event "OPEN DE MENTON 2023"]
[Site "Palais de l'europe Menton, France"]
[Date "2023.10.27"]
[Round "7.1"]
[White "Clement, KUHN 2338"]
[Black "Thibault, DUDOGNON 2386"]
[Result "1-0"]
[TimeControl "90'+30\"/ 40m + 30' +30\""]
[WhiteTitle "FM"]
[BlackTitle "FM"]
[WhiteElo "2338"]
[BlackElo "2386"]

1. e4 {[%clk 01:30:58]} c5 {[%clk 01:30:55]} {[%emt 00:00:05]} 2. Nc3 {[%clk
01:30:57]} {[%emt 00:00:29]} d6 {[%clk 01:31:20]} {[%emt 00:00:07]} 3. d4
{[%clk 01:31:18]} {[%emt 00:00:10]} cxd4 {[%clk 01:31:24]} {[%emt 00:00:26]} 4.
Qxd4 {[%clk 01:31:46]} {[%emt 00:00:02]} Nc6 {[%clk 01:31:48]} {[%emt
00:00:07]} 5. Qd2 {[%clk 01:32:12]} {[%emt 00:00:04]} e6 {[%clk 01:32:12]}
{[%emt 00:00:06]} 6. b3 {[%clk 01:31:38]} {[%emt 00:01:03]} d5 {[%clk
01:32:33]} {[%emt 00:00:10]} 7. exd5 {[%clk 01:21:40]} {[%emt 00:10:28]} exd5
{[%clk 01:32:52]} {[%emt 00:00:10]} 8. Qxd5 {[%clk 01:12:13]} {[%emt 00:09:58]}
Qe7+ {[%clk 01:33:17]} {[%emt 00:00:04]} 9. Qe4 {[%clk 00:59:47]} {[%emt
00:12:55]} Bf5 {[%clk 01:33:37]} {[%emt 00:00:11]} 10. Qxe7+ {[%clk 00:59:09]}
{[%emt 00:01:08]} Ngxe7 {[%clk 01:32:54]} {[%emt 00:01:13]} 11. Nf3 {[%clk
00:44:47]} {[%emt 00:14:53]} O-O-O {[%clk 01:29:48]} {[%emt 00:03:35]} 12. Bc4
{[%clk 00:42:35]} {[%emt 00:02:41]} Nb4 {[%clk 01:22:59]} {[%emt 00:07:21]} 13.
O-O {[%clk 00:39:30]} {[%emt 00:03:34]} Nxc2 {[%clk 01:22:26]} {[%emt
00:01:03]} 14. Rb1 {[%clk 00:38:45]} {[%emt 00:01:16]} Nb4 {[%clk 01:21:06]}
{[%emt 00:01:50]} 15. Ne5 {[%clk 00:35:07]} {[%emt 00:04:08]} Bxb1 {[%clk
01:18:50]} {[%emt 00:02:46]} 16. Nxf7 {[%clk 00:31:51]} {[%emt 00:03:46]} Ng6
{[%clk 00:42:19]} {[%emt 00:37:00]} 17. Nxd8 {[%clk 00:27:37]} {[%emt
00:04:45]} Bd3 {[%clk 00:32:06]} {[%emt 00:10:43]} 18. Bxd3 {[%clk 00:26:17]}
{[%emt 00:01:51]} Nxd3 {[%clk 00:32:24]} {[%emt 00:00:11]} 19. Ne6 {[%clk
00:26:00]} {[%emt 00:00:46]} Nxc1 {[%clk 00:24:47]} {[%emt 00:08:08]} 20. Nxf8
{[%clk 00:26:12]} {[%emt 00:00:18]} Rxf8 {[%clk 00:24:29]} {[%emt 00:00:49]} 21.
Rxc1 {[%clk 00:26:41]} {[%emt 00:00:02]} Kd7 {[%clk 00:24:19]} {[%emt
00:00:39]} 22. g3 {[%clk 00:21:04]} {[%emt 00:06:06]} Rc8 {[%clk 00:22:05]}
{[%emt 00:02:45]} 23. f4 {[%clk 00:20:15]} {[%emt 00:01:19]} Ne7 {[%clk
00:22:21]} {[%emt 00:00:13]} 24. Rd1+ {[%clk 00:17:42]} {[%emt 00:03:04]} Ke6
{[%clk 00:21:44]} {[%emt 00:01:06]} 25. Rd3 {[%clk 00:13:38]} {[%emt 00:04:35]}
Nf5 {[%clk 00:21:37]} {[%emt 00:00:37]} 26. Kf2 {[%clk 00:13:01]} {[%emt
00:01:07]} b5 {[%clk 00:21:21]} {[%emt 00:00:47]} 27. Kf3 {[%clk 00:09:58]}
{[%emt 00:03:33]} b4 {[%clk 00:20:02]} {[%emt 00:01:48]} 28. Nd5 {[%clk
00:08:30]} {[%emt 00:01:57]} a5 {[%clk 00:20:14]} {[%emt 00:00:19]} 29. g4
{[%clk 00:07:26]} {[%emt 00:01:34]} Nd6 {[%clk 00:19:47]} {[%emt 00:00:56]} 30.
f5+ {[%clk 00:04:30]} {[%emt 00:03:28]} Kf7 {[%clk 00:18:25]} {[%emt 00:01:51]}
31. Re3 {[%clk 00:01:17]} {[%emt 00:03:44]} Rc5 {[%clk 00:18:42]} {[%emt
00:00:13]} 32. Re5 {[%clk 00:00:58]} {[%emt 00:00:48]} Nb5 {[%clk 00:17:34]}
{[%emt 00:01:38]} 33. Re7+ {[%clk 00:01:14]} {[%emt 00:00:14]} Kf8 {[%clk
00:17:32]} {[%emt 00:00:33]} 34. Rd7 {[%clk 00:01:24]} {[%emt 00:00:21]} Ke8
{[%clk 00:17:10]} {[%emt 00:00:50]} 35. Nb6 {[%clk 00:01:12]} {[%emt 00:00:42]}
Rc6 {[%clk 00:16:48]} {[%emt 00:00:52]} 36. Rb7 {[%clk 00:01:41]} {[%emt
00:00:02]} Nd6 {[%clk 00:16:50]} {[%emt 00:00:28]} 37. Rb8+ {[%clk 00:02:10]}
{[%emt 00:00:02]} Kf7 {[%clk 00:17:09]} {[%emt 00:00:09]} 38. Nd5 {[%clk
00:01:27]} {[%emt 00:01:13]} Rc2 {[%clk 00:16:42]} {[%emt 00:00:58]} 39. Rd8
{[%clk 00:01:19]} {[%emt 00:00:38]} Nb5 {[%clk 00:05:20]} {[%emt 00:11:52]} 40.
Rd7+ {[%clk 00:31:48]} {[%emt 00:00:02]} Kf8 {[%clk 00:35:30]} {[%emt
00:00:19]} 41. Nf4 {[%clk 00:27:50]} {[%emt 00:04:26]} Rxa2 {[%clk 00:30:20]}
{[%emt 00:05:42]} 42. Ne6+ {[%clk 00:26:56]} {[%emt 00:01:24]} Ke8 {[%clk
00:30:46]} {[%emt 00:00:04]} 43. Rxg7 {[%clk 00:26:02]} {[%emt 00:01:24]} Nd6
{[%clk 00:31:07]} {[%emt 00:00:09]} 44. Nc7+ {[%clk 00:25:09]} {[%emt
00:01:23]} Kd8 {[%clk 00:31:29]} {[%emt 00:00:08]} 45. f6 {[%clk 00:22:06]}
{[%emt 00:03:34]} Rxh2 {[%clk 00:27:30]} {[%emt 00:04:28]} 46. Ne6+ {[%clk
00:22:11]} {[%emt 00:00:25]} Kc8 {[%clk 00:27:58]} {[%emt 00:00:03]} 47. Rc7+
{[%clk 00:21:21]} {[%emt 00:01:21]} Kb8 {[%clk 00:28:13]} {[%emt 00:00:14]} 48.
Rd7 {[%clk 00:21:42]} {[%emt 00:00:08]} Rh3+ {[%clk 00:21:38]} {[%emt
00:07:06]} 49. Kg2 {[%clk 00:21:56]} {[%emt 00:00:13]} Rxb3 {[%clk 00:21:58]}
{[%emt 00:00:13]} 50. Rxd6 {[%clk 00:22:21]} {[%emt 00:00:05]} Rb2+ {[%clk
00:22:26]} {[%emt 00:00:02]} 51. Kf1 {[%clk 00:22:32]} {[%emt 00:00:16]} Rb3
{[%clk 00:20:06]} {[%emt 00:02:52]} 52. Ke2 {[%clk 00:23:01]} {[%emt 00:00:01]}
Rb2+ {[%clk 00:20:24]} {[%emt 00:00:13]} 53. Rd2 {[%clk 00:23:26]} {[%emt
00:00:05]} 1-0